Apple or Google? Quiz Stats

 Plays Quiz Updated Sep 17, 2019

Score 0/20 Timer 04:00
8 Plays Today
Question Answer Wrong Answers
It purchased YouTube for $1.65 billion in 2006. Google
96%
Apple
3.3%
Its name derives from a misspelling of a word. Google
93.4%
Apple
3.1%
It owns the most popular email service in the world. Google
92.3%
Apple
3.4%
It was founded in 1976. Apple
87%
Google
12.8%
It created the television operating system tvOS. Apple
83.7%
Google
12.6%
Its advertisements typically show the time as 9:41 AM. Apple
76.7%
Google
18.3%
Until 2018, its unofficial motto was 'Don't be evil.' Google
76.1%
Apple
22.6%
It has held WWDC (Worldwide Developers Conference) annually since 1987. Apple
75.9%
Google
21%
It has installed fiber-optic infrastructure in Kansas City and other areas. Google
74.9%
Apple
18.6%
Its original logo featured a depiction of Isaac Newton. Apple
74%
Google
20.3%
It created the Go programming language. Google
73.1%
Apple
20.9%
Its virtual assistant was originally a spin-off company of SRI International. Apple
72.1%
Google
21.6%
It was founded by two Stanford University PhD students. Google
69.8%
Apple
28%
It owns Beats Electronics. Apple
67.8%
Google
26.3%
It acquired the navigation app Waze in 2013. Google
67.6%
Apple
27%
Its corporate headquarters are located in Cupertino, California. Apple
65.8%
Google
33.8%
Its primary user interface font is called San Francisco. Apple
57.3%
Google
37.6%
Its design language is called Material Design. Google
41.6%
Apple
53.7%
Its first computer storage unit was made out of Lego bricks. Google
41.2%
Apple
54.7%
One of its co-founders was Ronald Wayne. Apple
38.8%
Google
55.6%

You're not logged in!

Compare scores with friends on all Sporcle quizzes.
OR
Log In

Sporcle TV

Today on Sporcle TV


Watch our educational content, quiz creation guides, and fun videos on Sporcle TV.

Show Comments

Extras

Top Quizzes Today


Score Distribution

Your Account Isn't Verified!

In order to create a playlist on Sporcle, you need to verify the email address you used during registration. Go to your Sporcle Settings to finish the process.

Report this User

Report this user for behavior that violates our Community Guidelines.

Details: